[Event "Rethymnon"]
[Site "?"]
[Date "2003.??.??"]
[Round "?"]
[White "Acs, P."]
[Black "Ivanchuk, V."]
[Result "1/2-1/2"]
[WhiteElo "2606"]
[BlackElo "2710"]
[PlyCount "129"]
[EventDate "2003.??.??"]
[Source "Chess Informant"]
[SourceDate "2003.10.01"]

1. e4 d6 2. d4 Nf6 3. Nc3 g6 4. f4 Bg7 5. Nf3 c5 6. d5 O-O 7. Bd3 Qb6 8. Nd2 Bg4 9. Be2 Bxe2 10. Qxe2 Nbd7 11. O-O Qa6 12. Qxa6 bxa6 13. Nc4 Rab8 14. Re1 Nb6 15. Na5 Rfe8 16. Bd2 e6 17. dxe6 Rxe6 18. f5 Ree8 19. Bf4 Ng4 20. Bxd6 Rbd8 21. Bf4 g5 22. Bxg5 Bd4+ 23. Kf1 Nxh2+ 24. Ke2 Bxc3 25. bxc3 f6 26. Kf2 fxg5 27. Kg3 Nf1+ 28. Rxf1 Rxe4 29. Nb7 Rd5 30. Rad1 h5 31. f6 Rg4+ 32. Kh2 Rf4 33. Rxf4 gxf4 34. Rxd5 Nxd5 35. c4 Nc3 36. Nxc5 Nxa2 37. Nxa6 Kf7 38. Kh3 Kxf6 39. Kh4 Kg6 40. c5 Nc3 41. c6 Nd5 42. c7 Ne7 43. c3 Nf5+ 44. Kh3 Ne7 45. c4 Kg5 46. Nb4 Nc8 47. Na6 Ne7 48. Nb4 Nc8 49. c5 a5 50. Nd5 a4 51. Nb6 a3 52. Nxc8 a2 53. Nd6 a1=Q 54. Kh2 Qe1 55. Ne4+ Qxe4 56. c8=Q Qe5 57. Qd8+ Kf5 58. Qf8+ Ke6 59. Qe8+ Kd5 60. Qxe5+ Kxe5 61. Kh3 Kd5 62. Kh4 Kxc5 63. Kg5 h4 64. Kxf4 h3 65. gxh3 1/2-1/2

[Event "LXI Lega superiore camp. russo"]
[Site "Novokuznetsk RUS"]
[Date "2008.09.12"]
[Round "9"]
[White "Grachev, B."]
[Black "Zvjaginsev, V."]
[Result "1/2-1/2"]
[WhiteElo "2640"]
[BlackElo "2663"]
[PlyCount "144"]
[EventDate "2008.09.03"]
[Source "www.chesslib.no"]
[SourceDate "2004.05.04"]

1. d4 c5 2. d5 g6 3. Nf3 Bg7 4. e4 d6 5. h3 Nf6 6. Nc3 O-O 7. Be2 b5 8. Nxb5 Nxe4 9. O-O a6 10. Na3 Nd7 11. Re1 f5 12. Nc4 Ndf6 13. Ng5 Nxg5 14. Bxg5 Ne4 15. Bf4 g5 16. Bd2 g4 17. hxg4 fxg4 18. Be3 g3 19. fxg3 Nxg3 20. Bg4 e5 21. Bxc8 Qh4 22. Bh3 Qxc4 23. Qg4 Qxg4 24. Bxg4 h5 25. Kh2 hxg4 26. Kxg3 Rab8 27. Rab1 c4 28. b3 cxb3 29. axb3 Rb7 30. Bd2 a5 31. Re4 Rc8 32. Rb2 a4 33. Rxa4 e4 34. Rba2 Be5+ 35. Kf2 Rbc7 36. Rxe4 g3+ 37. Kf3 Rxc2 38. Rg4+ Kf8 39. Rxc2 Rxc2 40. Bf4 Rc3+ 41. Ke4 Rxb3 42. Bxe5 dxe5 43. Kxe5 Kf7 44. Rg5 Ke7 45. Rg7+ Kf8 46. Rg5 Ke7 47. Kf4 Rd3 48. Ke4 Ra3 49. Re5+ Kd7 50. Kf4 Rd3 51. Kg4 Kd6 52. Rf5 Ke7 53. Kh3 Kd6 54. Kh4 Ke7 55. Kg4 Kd6 56. Kf4 Kd7 57. Rh5 Kd6 58. Rg5 Ke7 59. Rg7+ Kf8 60. Rd7 Ke8 61. Rd6 Rd2 62. Kxg3 Ke7 63. Re6+ Kf7 64. Re5 Kf6 65. Rh5 Kg6 66. Re5 Kf6 67. Kf4 Rd4+ 68. Re4 Rxd5 69. g4 Ra5 70. g5+ Rxg5 71. Re6+ Kxe6 72. Kxg5 Ke5 1/2-1/2

[Event "Koop Tjuchem"]
[Site "Groningen"]
[Date "1996.??.??"]
[Round "5"]
[White "Gelfand, Boris"]
[Black "Leko, Peter"]
[Result "1/2-1/2"]
[WhiteElo "2665"]
[BlackElo "2630"]
[PlyCount "41"]
[EventDate "1996.12.20"]
[Source "ChessBase"]
[SourceDate "1997.04.10"]

1. d4 Nf6 2. Nf3 c5 3. d5 b5 4. Bg5 d6 5. Bxf6 exf6 6. e4 a6 7. a4 b4 8. Bd3 g6 9. Nbd2 Bg7 10. Nc4 a5 11. O-O O-O 12. c3 Ba6 13. Ne3 Bc8 14. Nc4 Ba6 15. Ne3 Bc8 16. Nd2 Nd7 17. Nec4 Ne5 18. Nxe5 fxe5 19. cxb4 cxb4 20. Nc4 Bh6 21. Qe2 1/2-1/2

[Event "Corr"]
[Site "?"]
[Date "2002.01.15"]
[Round "?"]
[White "Bang Erik (DEN)"]
[Black "Ekebjaerg Ove (DEN)"]
[Result "1/2-1/2"]
[WhiteElo "2658"]
[BlackElo "2635"]
[PlyCount "59"]
[EventDate "2002.??.??"]
[Source "www.chesslib.no"]
[SourceDate "2004.05.04"]

1. d4 g6 2. e4 Bg7 3. Nc3 c5 4. d5 d6 5. Nf3 Nf6 6. Be2 O-O 7. O-O e6 8. Nd2 exd5 9. exd5 Nbd7 10. Nc4 Nb6 11. Ne3 Re8 12. a4 Ne4 13. Nxe4 Rxe4 14. c3 a5 15. Bd3 Re8 16. Qb3 Bd7 17. Bd2 Qc7 18. Bb5 Bxb5 19. Qxb5 c4 20. Rfb1 Rec8 21. b4 cxb3 22. Qxb3 Ra6 23. Ra2 f5 24. g3 Qf7 25. Rab2 f4 26. gxf4 Qxf4 27. Qd1 Rf8 28. Qe2 Nxa4 29. Rxb7 Qf3 30. Qxa6 1/2-1/2

[Event "Corr"]
[Site "?"]
[Date "2002.01.15"]
[Round "?"]
[White "Hamarat Tunc (AUT)"]
[Black "Ekebjaerg Ove (DEN)"]
[Result "1/2-1/2"]
[WhiteElo "2640"]
[BlackElo "2635"]
[PlyCount "79"]
[EventDate "2002.??.??"]
[Source "www.chesslib.no"]
[SourceDate "2004.05.04"]

1. d4 g6 2. e4 Bg7 3. Nc3 c5 4. d5 d6 5. Nf3 Nf6 6. Be2 O-O 7. O-O e6 8. Nd2 exd5 9. exd5 Nbd7 10. Nc4 Nb6 11. Ne3 Re8 12. a4 Ne4 13. Nxe4 Rxe4 14. c3 a5 15. Bd3 Re8 16. Qb3 Bd7 17. Bb5 Qc7 18. Bxd7 Nxd7 19. Nc4 Ne5 20. Na3 Qe7 21. Bf4 Nd3 22. Bg3 f5 23. f3 f4 24. Bf2 Nxf2 25. Rxf2 Bf6 26. Nc4 Bh4 27. Rff1 Bg3 28. Rad1 Qh4 29. h3 Re2 30. Rd2 Bh2+ 31. Kh1 Re1 32. Rd1 Re2 33. Rd2 Re1 34. Rd1 Re2 35. Qxb7 Rf8 36. Rd2 Re1 37. Rd1 Re2 38. Qd7 h5 39. Rd2 Re1 40. Rd1 1/2-1/2

[Event "It, St Petersburg RUS"]
[Site "?"]
[Date "1997.??.??"]
[Round "?"]
[White "Komarov Dimitri"]
[Black "Khalifman Alexander"]
[Result "1/2-1/2"]
[WhiteElo "2615"]
[BlackElo "2650"]
[PlyCount "27"]
[EventDate "1997.??.??"]
[Source "www.chesslib.no"]
[SourceDate "2004.05.04"]

1. d4 Nf6 2. Nf3 c5 3. d5 b5 4. Bg5 d6 5. Bxf6 exf6 6. Nbd2 a6 7. g3 b4 8. a3 g5 9. Ne4 a5 10. Bh3 Ke7 11. Ned2 a4 12. g4 Ba6 13. Ne4 Ke8 14. Ra2 1/2-1/2

[Event "EUR Team Ch Debrecen"]
[Site "?"]
[Date "1992.??.??"]
[Round "?"]
[White "Bareev, Evgeny I"]
[Black "Speelman, Jonathan S"]
[Result "0-1"]
[WhiteElo "2635"]
[BlackElo "2630"]
[PlyCount "103"]
[EventDate "1992.??.??"]
[Source "www.chesslib.no"]
[SourceDate "2004.05.04"]

1. d4 g6 2. e4 Bg7 3. f4 c5 4. d5 d6 5. a4 Na6 6. Nf3 Nc7 7. c4 f5 8. e5 e6 9. dxe6 Nxe6 10. Ra3 Nh6 11. Rd3 Nf7 12. Nc3 Bd7 13. Rxd6 Nxd6 14. Qxd6 Kf7 15. h4 Bc6 16. Qxd8 Raxd8 17. Kf2 h6 18. Be2 g5 19. hxg5 hxg5 20. Rxh8 Rxh8 21. fxg5 Nd4 22. Bf4 Nxe2 23. Kxe2 Ke6 24. Nb5 Bxf3+ 25. gxf3 Bxe5 26. Nc7+ Bxc7 27. Bxc7 Rh1 28. Kd3 Rd1+ 29. Kc2 Ra1 30. b3 Ra2+ 31. Kc3 Rf2 32. f4 Rf3+ 33. Kb2 Kd7 34. Be5 Rg3 35. Bb8 Rg4 36. a5 Kc6 37. Ka3 b5 38. axb6 axb6 39. Ka4 Rg2 40. b4 Rb2 41. b5+ Kd7 42. Ka3 Rb4 43. g6 Rxc4 44. g7 Rc3+ 45. Ka4 Rg3 46. Be5 Ke6 47. Bc7 Rxg7 48. Bxb6 Kd5 49. Bd8 Ra7+ 50. Kb3 Rb7 51. Ka4 Kc4 52. Bb6 0-1

[Event "SUI-chT"]
[Site "SUI"]
[Date "2003.06.22"]
[Round "5.1"]
[White "Pelletier, Yannick"]
[Black "Hickl, Joerg"]
[Result "1-0"]
[WhiteElo "2659"]
[BlackElo "2605"]
[PlyCount "137"]
[EventDate "2003.03.23"]
[Source "Roberto Alvarez"]
[SourceDate "2003.09.01"]

1. e4 g6 2. d4 Bg7 3. Nf3 d6 4. Be2 Nf6 5. Nc3 O-O 6. O-O c5 7. d5 Na6 8. Nd2 Nc7 9. a4 b6 10. Nc4 Ba6 11. Bf4 Rb8 12. b3 Re8 13. Qd2 Bxc4 14. bxc4 e6 15. Bd3 Nh5 16. Bg5 Qd7 17. Ra3 exd5 18. exd5 f5 19. a5 bxa5 20. Rxa5 a6 21. Ne2 Rb6 22. Nc1 Be5 23. Ra3 Qg7 24. g3 Nf6 25. Bh6 Qe7 26. Re1 Qf7 27. Bg5 Nd7 28. Rb3 Bf6 29. Rxe8+ Nxe8 30. Be3 Ne5 31. Be2 Qb7 32. Qa5 Bd8 33. Bg5 Bc7 34. Qe1 Qc8 35. Bd2 Rxb3 36. cxb3 Bd8 37. Kg2 Bf6 38. Bd1 Ng7 39. Qe3 Ng4 40. Qe2 Qe8 41. Qxe8+ Nxe8 42. h3 Ne5 43. f4 Nd7 44. g4 Kf7 45. Ne2 Ng7 46. Ng3 fxg4 47. hxg4 h6 48. Kf3 Ne8 49. Ne4 Be7 50. Nf2 Bf6 51. Bc2 Be7 52. Nh3 Ng7 53. Kg3 Bf6 54. Ng1 Be7 55. Nf3 Bf6 56. Bb1 Be7 57. Nh4 Nf8 58. g5 hxg5 59. fxg5 Bd8 60. Kg4 Ne8 61. Bc3 Be7 62. Ng2 Ng7 63. Nf4 Bd8 64. Bxg7 Kxg7 65. Bxg6 Ba5 66. Bf5 Bc3 67. Bc8 a5 68. Kf5 Be5 69. Nh5+ 1-0

[Event "Match"]
[Site "Moscow m"]
[Date "1983.??.??"]
[Round "9"]
[White "Kasparov, Gary"]
[Black "Beliavsky, Alexander G"]
[Result "1-0"]
[WhiteElo "2690"]
[BlackElo "2570"]
[PlyCount "26"]
[EventDate "1983.??.??"]
[Source "www.chesslib.no"]
[SourceDate "2004.05.04"]

1. d4 Nf6 2. Nf3 c5 3. d5 d6 4. Nc3 g6 5. e4 Bg7 6. Bb5+ Bd7 7. a4 O-O 8. e5 Na6 9. Kd2 Nb4 10. h3 e6 11. Ne4 Qe8 12. Ng1 Qc8 13. Nc3 h6 1-0

[Event "Bugojno BIH"]
[Site "Bugojno BIH"]
[Date "1986.??.??"]
[Round "5"]
[White "Jussupow, Artur M"]
[Black "Miles, Anthony J"]
[Result "1-0"]
[WhiteElo "2645"]
[BlackElo "2610"]
[PlyCount "69"]
[EventDate "1986.??.??"]
[Source "www.chesslib.no"]
[SourceDate "2004.05.04"]

1. d4 Nf6 2. Nf3 c5 3. d5 b5 4. Bg5 d6 5. Bxf6 exf6 6. e4 a6 7. a4 b4 8. Bd3 Nd7 9. O-O Ne5 10. Nbd2 g6 11. Nxe5 fxe5 12. a5 Bh6 13. Nc4 O-O 14. c3 bxc3 15. bxc3 f5 16. Rb1 fxe4 17. Bxe4 Rf4 18. Qe2 Bf8 19. Nb6 Ra7 20. Nxc8 Qxc8 21. Rb6 Be7 22. g3 Rf8 23. Kg2 Qd7 24. Ra1 Rfa8 25. h4 Bd8 26. Rbb1 Rb7 27. Rxb7 Qxb7 28. h5 g5 29. Qg4 Qe7 30. h6 Rb8 31. c4 Qe8 32. Kf3 Qa4 33. Qh5 Kh8 34. Bf5 Bc7 35. Bc8 1-0

[Event "Bugojno"]
[Site "?"]
[Date "1999.??.??"]
[Round "?"]
[White "Golod, V."]
[Black "Topalov, V."]
[Result "0-1"]
[WhiteElo "2565"]
[BlackElo "2690"]
[PlyCount "72"]
[EventDate "1999.??.??"]
[Source "Chess Informant"]
[SourceDate "1999.10.01"]

1. d4 Nf6 2. Nf3 c5 3. d5 b5 4. Bg5 Ne4 5. Qd3 Nxg5 6. Nxg5 g6 7. e4 Bg7 8. c3 O-O 9. Be2 e6 10. Nf3 exd5 11. Qxd5 Qb6 12. Nbd2 Bb7 13. Qb3 c4 14. Qd1 d6 15. a4 a6 16. axb5 axb5 17. Rxa8 Bxa8 18. O-O Nd7 19. Re1 Nc5 20. Bf1 Re8 21. Qc2 h6 22. g3 Bb7 23. Qb1 h5 24. h4 Qc6 25. Bg2 Nd3 26. Rf1 d5 27. b3 Qc5 28. exd5 Bxd5 29. bxc4 bxc4 30. Ng5 Bxg2 31. Kxg2 Qd5+ 32. Ngf3 Bxc3 33. Qc2 Bxd2 34. Qxd2 Re5 35. Ra1 Rf5 36. Qe3 Ne5 0-1

[Event "Reykjavik"]
[Site "?"]
[Date "1988.??.??"]
[Round "?"]
[White "Tal, M."]
[Black "Speelman, J."]
[Result "1-0"]
[WhiteElo "2610"]
[BlackElo "2645"]
[PlyCount "67"]
[EventDate "1988.??.??"]
[Source "ChessBase"]
[SourceDate "1988.07.01"]

1. e4 d6 2. d4 g6 3. Nf3 Bg7 4. Be2 Nf6 5. Nc3 O-O 6. O-O c5 7. d5 Na6 8. Re1 Nc7 9. Bf4 b5 10. Nxb5 Nxe4 11. Nxc7 Qxc7 12. Bc4 Nf6 13. Rb1 Re8 14. h3 a5 15. Qd2 Qb6 16. Re3 Ba6 17. Bxa6 Qxa6 18. Rbe1 Kf8 19. Ng5 Qb7 20. c4 Qb4 21. Qe2 h6 22. Nxf7 Kxf7 23. Rb3 Qa4 24. Qe6+ Kf8 25. Rb7 Qxc4 26. Bxd6 Ng8 27. Re3 Bf6 28. Rf3 Kg7 29. Bxe7 Rxe7 30. Rxe7+ Nxe7 31. Qxf6+ Kg8 32. Qf7+ Kh8 33. Qxe7 Qxd5 34. Rf7 1-0

[Event "Dresden ZMD op"]
[Site "?"]
[Date "2003.08.01"]
[Round "8"]
[White "Delchev Aleksander"]
[Black "Nisipeanu Liviu Dieter"]
[Result "1/2-1/2"]
[WhiteElo "2572"]
[BlackElo "2666"]
[PlyCount "82"]
[EventDate "2003.??.??"]
[Source "www.chesslib.no"]
[SourceDate "2004.05.04"]

1. d4 g6 2. e4 Bg7 3. Nf3 d6 4. Be2 Nf6 5. Nc3 O-O 6. O-O c5 7. d5 Na6 8. Re1 Nc7 9. h3 b6 10. a4 Bb7 11. Bc4 a6 12. Qd3 Nd7 13. Bf4 Ne5 14. Nxe5 Bxe5 15. Bh6 Re8 16. f4 Bd4+ 17. Kh1 Qd7 18. f5 Be5 19. Rf1 Reb8 20. Rab1 Ne8 21. b4 cxb4 22. Rxb4 Nf6 23. Ne2 Rc8 24. fxg6 hxg6 25. Qf3 a5 26. Bb5 Qc7 27. Rbb1 Qxc2 28. Bd3 Qxa4 29. Rxb6 Qd7 30. Rfb1 Rc7 31. Bb5 Qd8 32. Bd3 Qc8 33. Bf4 Nd7 34. R6b3 a4 35. Ra3 Bxf4 36. Qxf4 Ne5 37. Bb5 Rc2 38. Nd4 Rc3 39. Nc6 Rxc6 40. dxc6 Bxc6 41. Rc1 Qb7 1/2-1/2

[Event "Camp. russo a squadre 2007"]
[Site "Sochi RUS"]
[Date "2007.05.05"]
[Round "4"]
[White "Riazantsev, A."]
[Black "Tregubov, P."]
[Result "0-1"]
[WhiteElo "2621"]
[BlackElo "2615"]
[PlyCount "98"]
[EventDate "2007.05.02"]
[Source "www.chesslib.no"]
[SourceDate "2004.05.04"]

1. d4 Nf6 2. Nf3 c5 3. d5 b5 4. Bg5 Qb6 5. Nc3 b4 6. Na4 Qa5 7. b3 d6 8. Bxf6 exf6 9. a3 f5 10. Nd2 Nd7 11. Nc4 Qc7 12. axb4 cxb4 13. Qd2 Rb8 14. g3 Be7 15. Qe3 Nf6 16. Bg2 Rb5 17. O-O O-O 18. Rfd1 Re8 19. Nab2 a5 20. Qd2 Ne4 21. Bxe4 fxe4 22. Qf4 f5 23. h4 Bd7 24. Rac1 Rc5 25. Ra1 Bf6 26. Ra2 Rd8 27. Rd2 a4 28. Qxd6 Qxd6 29. Nxd6 Rxc2 30. Rxc2 axb3 31. Nbc4 bxc2 32. Rxc2 b3 33. Rc1 b2 34. Rb1 Rb8 35. g4 Ba4 36. Nxb2 Bxb2 37. Nxf5 Bc2 38. Rf1 Kf7 39. Kg2 Bb3 40. Ne3 Bd4 41. Nf5 Be5 42. Rc1 Bxd5 43. Rc5 Ke6 44. Ra5 e3+ 45. f3 Rb2 46. Ra6+ Kd7 47. Ra7+ Kd8 48. Ra5 Rxe2+ 49. Kg1 Bh2+ 0-1

[Event "Karpov It, Poikovsky RUS"]
[Site "?"]
[Date "2001.??.??"]
[Round "8"]
[White "Lputian, S."]
[Black "Zvjaginsev, V."]
[Result "1/2-1/2"]
[WhiteElo "2605"]
[BlackElo "2625"]
[PlyCount "59"]
[EventDate "2001.??.??"]
[Source "www.chesslib.no"]
[SourceDate "2004.05.04"]

1. d4 e6 2. Nf3 c5 3. g3 Nc6 4. Bg2 Qa5+ 5. c3 cxd4 6. Nxd4 Nxd4 7. Qxd4 Nf6 8. b4 Qb6 9. Be3 Qxd4 10. Bxd4 d5 11. Nd2 Be7 12. e4 O-O 13. O-O Rd8 14. a3 Kf8 15. Rfe1 a6 16. Bb6 Rd6 17. Bd4 Rd8 18. Rac1 h6 19. Bb6 Rd6 20. Bd4 Rd8 21. h3 Bd7 22. exd5 exd5 23. Nb3 Be6 24. Na5 Rd7 25. c4 dxc4 26. Bxb7 Rb8 27. Bxf6 Bxf6 28. Bxa6 Bb2 29. Rxc4 Bxa3 30. Rc8+ 1/2-1/2

[Event "50. Ann Festival GM"]
[Site "?"]
[Date "2005.08.27"]
[Round "10"]
[White "Felgaer Ruben"]
[Black "Leitao Rafael"]
[Result "1/2-1/2"]
[WhiteElo "2618"]
[BlackElo "2598"]
[PlyCount "23"]
[EventDate "2005.??.??"]
[Source "www.chesslib.no"]
[SourceDate "2004.05.04"]

1. e4 d6 2. d4 Nf6 3. Nc3 g6 4. Nf3 Bg7 5. Be2 O-O 6. O-O c5 7. d5 e6 8. dxe6 Bxe6 9. Bf4 d5 10. exd5 Nxd5 11. Nxd5 Bxd5 12. c3 1/2-1/2

[Event "Interzonal"]
[Site "?"]
[Date "1993.??.??"]
[Round "12"]
[White "Gulko Boris F"]
[Black "Rogers Ian"]
[Result "1-0"]
[WhiteElo "2635"]
[BlackElo "2575"]
[PlyCount "81"]
[EventDate "1993.??.??"]
[Source "www.chesslib.no"]
[SourceDate "2004.05.04"]

1. d4 Nf6 2. Nf3 c5 3. d5 b5 4. Bg5 Ne4 5. Bf4 Bb7 6. Qd3 Qa5+ 7. Nbd2 Nf6 8. e4 c4 9. Qe3 g6 10. Be2 Bg7 11. Nd4 O-O 12. a4 Bxd5 13. O-O Bxe4 14. axb5 Qb6 15. Nxc4 Qb7 16. Na5 Qb6 17. c4 Re8 18. Ndb3 d6 19. Qd2 Nbd7 20. Be3 Qc7 21. f3 Bf5 22. Nd4 Nc5 23. b4 Ne6 24. Ndc6 h5 25. Ra2 Nd7 26. Rd1 a6 27. c5 axb5 28. Nxe7+ Kh7 29. Nxf5 gxf5 30. Bxb5 Nef8 31. Bf2 Re6 32. Bd3 Kg8 33. Bxf5 Rf6 34. cxd6 Qc8 35. Be4 Ne5 36. Bb7 Qb8 37. Bxa8 Qxa8 38. Qd5 Qe8 39. Re1 Re6 40. Rae2 Nfg6 41. d7 1-0

[Event "Ubeda"]
[Site "?"]
[Date "2000.??.??"]
[Round "?"]
[White "Tregubov, P."]
[Black "Minasian, Art"]
[Result "1-0"]
[WhiteElo "2615"]
[BlackElo "2595"]
[PlyCount "79"]
[EventDate "2000.??.??"]
[Source "Chess Informant"]
[SourceDate "1999.10.01"]

1. d4 c5 2. d5 g6 3. e4 Bg7 4. c4 d6 5. Nc3 e6 6. Nf3 Ne7 7. Be2 O-O 8. O-O exd5 9. cxd5 a6 10. a4 Bg4 11. Nd2 Bxe2 12. Qxe2 Re8 13. Nc4 Bxc3 14. bxc3 Nxd5 15. Qf3 Nb6 16. Bg5 Qxg5 17. Nxb6 Ra7 18. Rad1 Qd8 19. Nc4 Re6 20. e5 b5 21. axb5 axb5 22. Nxd6 Qg5 23. Nxb5 Rd7 24. Rxd7 Nxd7 25. Qd1 Qe7 26. f4 Rb6 27. c4 Nf8 28. h3 Ne6 29. Qd5 Rb8 30. f5 gxf5 31. Rxf5 Qh4 32. Kh2 Rf8 33. Nd6 Nf4 34. Qf3 Ng6 35. Rxf7 Rb8 36. Rf5 Qd4 37. Qd5+ Qxd5 38. cxd5 Rd8 39. Ne4 Kg7 40. e6 1-0

[Event "World Ch XIV Final"]
[Site "Cork World Ch XIV Final"]
[Date "1994.??.??"]
[Round "?"]
[White "Anton, Volker-Michael"]
[Black "Cordovil, Joao MCM"]
[Result "1-0"]
[WhiteElo "2630"]
[BlackElo "2575"]
[PlyCount "61"]
[EventDate "1994.??.??"]
[Source "www.chesslib.no"]
[SourceDate "2004.05.04"]

1. d4 c5 2. d5 g6 3. e4 d6 4. Nc3 a6 5. a4 Bg7 6. Nf3 Nf6 7. Be2 O-O 8. O-O e5 9. a5 Nfd7 10. Bd2 b5 11. axb6 Nxb6 12. Bg5 f6 13. Bh4 h5 14. h3 Bh6 15. Bg3 Ra7 16. Nd2 Bf4 17. Bxf4 exf4 18. Bd3 Rg7 19. Qf3 g5 20. Qxh5 g4 21. Qh6 f3 22. b3 N6d7 23. hxg4 Ne5 24. Nxf3 Rh7 25. Qf4 Kg7 26. Rfb1 Rfh8 27. Kf1 Bxg4 28. Ng1 Rh4 29. Qg3 Nxd3 30. cxd3 f5 31. exf5 1-0

[Event "ch-FRA Playoff, Marsailles FRA"]
[Site "?"]
[Date "2001.??.??"]
[Round "5"]
[White "Bacrot, E."]
[Black "Vaisser, A."]
[Result "1/2-1/2"]
[WhiteElo "2650"]
[BlackElo "2555"]
[PlyCount "66"]
[EventDate "2001.??.??"]
[Source "www.chesslib.no"]
[SourceDate "2004.05.04"]

1. d4 Nf6 2. Nf3 c5 3. d5 b5 4. Bg5 d6 5. Bxf6 exf6 6. e3 a6 7. a4 b4 8. Nbd2 Be7 9. a5 Nd7 10. Nc4 f5 11. g3 Rb8 12. Bg2 O-O 13. O-O Nf6 14. Nb6 Nd7 15. Nc4 Qc7 16. Nfd2 g6 17. Re1 Bf6 18. e4 Ne5 19. Nb6 Rxb6 20. axb6 Qxb6 21. exf5 Bxf5 22. h3 c4 23. Rxe5 dxe5 24. Nxc4 Qa7 25. Qe2 Bd7 26. Nxe5 Re8 27. Rxa6 Qd4 28. Rxf6 Rxe5 29. Qf3 Bf5 30. Kh2 Qxb2 31. Rb6 Qd4 32. Rb8+ Kg7 33. Qf4 Qxf4 1/2-1/2

[Event "2nd IECC, Ohrid MKD"]
[Site "?"]
[Date "2001.??.??"]
[Round "3"]
[White "Cvitan, O."]
[Black "Georgiev, Ki"]
[Result "1/2-1/2"]
[WhiteElo "2525"]
[BlackElo "2675"]
[PlyCount "78"]
[EventDate "2001.??.??"]
[Source "www.chesslib.no"]
[SourceDate "2004.05.04"]

1. d4 Nf6 2. Nf3 c5 3. d5 b5 4. Bg5 Ne4 5. h4 g6 6. Nbd2 Nxg5 7. hxg5 Bg7 8. a4 Bxb2 9. Ra2 Bg7 10. axb5 d6 11. e4 Nd7 12. Bd3 Nb6 13. c4 e6 14. Kf1 O-O 15. g3 exd5 16. exd5 f6 17. gxf6 Qxf6 18. Rh4 Bf5 19. Bxf5 Qxf5 20. Qc2 h5 21. Qxf5 Rxf5 22. Re4 g5 23. g4 hxg4 24. Rxg4 Bf6 25. Kg2 Kf7 26. Ne4 Ke7 27. Re2 Kd7 28. Nxf6+ Rxf6 29. Rxg5 Rf7 30. Rg4 Nxc4 31. Rxc4 Rg8+ 32. Kf1 Rxf3 33. Ra4 Kc7 34. Ra6 Rgf8 35. Re7+ Kb8 36. Raxa7 Rxf2+ 37. Kg1 R8f3 38. Rab7+ Kc8 39. Rbc7+ Kb8 1/2-1/2

[Event "Ajaccio Masters 2004"]
[Site "Ajaccio"]
[Date "2004.10.25"]
[Round "2.1"]
[White "Bacrot, Etienne"]
[Black "Voloshin, Leonid"]
[Result "1-0"]
[WhiteElo "2718"]
[BlackElo "2479"]
[PlyCount "79"]
[EventDate "2004.10.25"]
[Source "Roberto Alvarez"]
[SourceDate "2004.11.08"]

1. d4 Nf6 2. Nf3 c5 3. d5 g6 4. c4 Bg7 5. Nc3 O-O 6. e4 d6 7. h3 e5 8. Bd3 Nh5 9. g3 f5 10. Qe2 Nf6 11. Bg5 h6 12. Bd2 fxe4 13. Nxe4 Nxe4 14. Bxe4 Bf5 15. g4 Bxe4 16. Qxe4 Qf6 17. Ke2 Nd7 18. Be3 Qf7 19. g5 Qf5 20. Qxf5 gxf5 21. gxh6 Bf6 22. Rag1+ Kh8 23. Bg5 e4 24. Nh4 Rf7 25. Nxf5 Bxg5 26. Rxg5 Raf8 27. Nh4 Rxf2+ 28. Ke3 R8f7 29. Rhg1 Ne5 30. Rg8+ Kh7 31. R8g7+ Kxh6 32. Rxf7 Rxf7 33. Kxe4 Kh5 34. Nf5 Nxc4 35. h4 Rxf5 36. Kxf5 Nxb2 37. Rg7 Kxh4 38. Rxb7 Nd3 39. Rxa7 c4 40. Rc7 1-0

[Event "EUCup final"]
[Site "Ljubljana"]
[Date "1995.??.??"]
[Round "2"]
[White "Sokolov, Ivan"]
[Black "Minasian, Artashes"]
[Result "0-1"]
[WhiteElo "2630"]
[BlackElo "2565"]
[PlyCount "68"]
[EventDate "1995.12.??"]
[Source "ChessBase"]

1. d4 c5 2. d5 g6 3. e4 Bg7 4. Nc3 d6 5. Nf3 Nf6 6. Bb5+ Nbd7 7. a4 O-O 8. O-O a6 9. Be2 Ne8 10. Bf4 Nc7 11. Qd2 Rb8 12. Bh6 Nf6 13. Bxg7 Kxg7 14. Rab1 Bg4 15. b4 Bxf3 16. Bxf3 cxb4 17. Rxb4 b5 18. Ne2 e5 19. dxe6 Nxe6 20. Nd4 Nxd4 21. Rxd4 Qe7 22. Rxd6 Nxe4 23. Qd4+ Nf6 24. Rxa6 bxa4 25. Qxa4 Rfc8 26. Rc6 Rxc6 27. Qxc6 Qe5 28. Qc4 Rd8 29. Qb4 Rc8 30. Qd2 Rc3 31. Bd1 Ne4 32. Qd8 Rc6 33. Re1 Rd6 34. Qh4 Nc3 0-1

[Event "Tournoi de Bastia"]
[Site "?"]
[Date "2003.10.29"]
[Round "3"]
[White "Tregubov Pavel V"]
[Black "Kogan Artur"]
[Result "1-0"]
[WhiteElo "2635"]
[BlackElo "2556"]
[PlyCount "119"]
[EventDate "2003.??.??"]
[Source "www.chesslib.no"]
[SourceDate "2004.05.04"]

1. d4 Nf6 2. Nf3 c5 3. d5 b5 4. Bg5 Ne4 5. Bf4 Bb7 6. a4 Nf6 7. e4 Nxe4 8. Bxb5 e6 9. dxe6 fxe6 10. Nc3 Be7 11. Nxe4 Bxe4 12. Bxb8 Rxb8 13. Ne5 Rb7 14. O-O O-O 15. Bxd7 Kh8 16. Bc6 Bxc6 17. Nxc6 Qe8 18. Nxe7 Qxe7 19. b3 Rb4 20. Qe2 c4 21. c3 Rxb3 22. Qxc4 Rb2 23. Rae1 h6 24. Rxe6 Qd7 25. h3 Rc2 26. Qg4 Qc7 27. Qd4 Qf4 28. Re4 Qf7 29. g3 Rc8 30. Rf4 Qe6 31. Rg4 Qf7 32. Re1 R2xc3 33. Rf4 Qg6 34. Kh2 R3c7 35. Re5 Qc6 36. Rd5 Qe8 37. Rd6 Kg8 38. Qd5+ Kh8 39. Qd4 Kg8 40. Qd3 Re7 41. Rfd4 Qf7 42. Rd8+ Re8 43. Rxe8+ Rxe8 44. Rf4 Qe7 45. h4 Kh8 46. Qd5 Rd8 47. Qf7 Qc5 48. Rc4 Qb6 49. Rc7 Qd4 50. Rxa7 Rc8 51. Rd7 Qa1 52. a5 Ra8 53. a6 Qe5 54. a7 Kh7 55. Re7 Qd4 56. Rd7 Qe5 57. h5 Qb2 58. Qf5+ Kh8 59. Qf3 Kh7 60. Qe3 1-0

[Event "Sochi RUS"]
[Site "?"]
[Date "2006.04.29"]
[Round "10"]
[White "Rychagov Andrey"]
[Black "Efimenko Zahar"]
[Result "1-0"]
[WhiteElo "2542"]
[BlackElo "2648"]
[PlyCount "117"]
[EventDate "2006.??.??"]
[Source "www.chesslib.no"]
[SourceDate "2004.05.04"]

1. d4 c5 2. d5 g6 3. c4 d6 4. Nc3 Bg7 5. e4 e6 6. Bd3 Ne7 7. Nf3 exd5 8. exd5 Bg4 9. Bf4 O-O 10. O-O Qb6 11. Qb3 Nc8 12. Nd2 Qxb3 13. axb3 Nd7 14. h3 Bf5 15. Bxf5 gxf5 16. Nf3 Ne5 17. Bxe5 dxe5 18. Rfe1 e4 19. Nd2 Nd6 20. g4 Bh6 21. Nf1 Rfe8 22. gxf5 Bf4 23. Ng3 e3 24. Nh5 Bg5 25. Rxe3 Rxe3 26. fxe3 Bxe3+ 27. Kg2 Nxf5 28. Rf1 Nd6 29. Nf6+ Kg7 30. Nce4 Nxe4 31. Nxe4 Rd8 32. Ng3 Kg6 33. Re1 Bg5 34. Kf3 Bf6 35. Re4 h5 36. Ne2 Kf5 37. Ng3+ Kg6 38. Re2 b5 39. Ne4 bxc4 40. bxc4 Bd4 41. Rg2+ Kh6 42. Kf4 Re8 43. b3 a5 44. h4 Ra8 45. Nd6 Kh7 46. Kf5 a4 47. bxa4 Rxa4 48. Ne4 Ra7 49. Ng5+ Kh6 50. Nf3 Bc3 51. d6 Ra1 52. Rg1 Rxg1 53. Nxg1 Kg7 54. Nf3 Bf6 55. Ke4 Bd8 56. Kd5 Kf6 57. Kxc5 Kf5 58. Kd5 Kg4 59. c5 1-0

[Event "ch-SRB"]
[Site "Mataruska Banja SRB"]
[Date "2008.03.18"]
[Round "4"]
[White "Miladinovic, I."]
[Black "Damljanovic, B."]
[Result "1-0"]
[WhiteElo "2604"]
[BlackElo "2582"]
[PlyCount "69"]
[EventDate "2008.03.15"]
[Source "www.chesslib.no"]
[SourceDate "2004.05.04"]

1. d4 c5 2. c3 cxd4 3. cxd4 Nf6 4. Nc3 d5 5. Bf4 Nc6 6. e3 a6 7. Bd3 h6 8. h3 e6 9. Rc1 Bd6 10. Bxd6 Qxd6 11. f4 g5 12. Nge2 Bd7 13. a3 g4 14. Na4 Na5 15. Nc5 Bc6 16. b3 Ke7 17. b4 b6 18. bxa5 bxc5 19. dxc5 Qc7 20. Nd4 Qxa5+ 21. Kf2 Ba4 22. hxg4 Rhg8 23. Qe2 Nxg4+ 24. Kg1 Rac8 25. c6 Bb5 26. Bxb5 Qxa3 27. Qe1 axb5 28. Rh3 b4 29. Rf3 b3 30. Ra1 Qc5 31. Ra5 Qc4 32. Ra7+ Ke8 33. Rb7 Rxc6 34. Nxc6 Qxc6 35. Rb8+ 1-0